000 00579nam a2200205Ia 4500
003 IN-BaIIA
008 211028s9999 xx 000 0 eng d
020 _a0-8094-3787-2
040 _cIIA Library
080 _aGEN
_bTLB
100 _aAllen Oliver
_913654
245 0 _aBuilding sound bones and muscles.
_cE. Allen Oliver
260 _aVirginia
_bTime-Life Books
_c1981
300 _a176p.
650 _aBones
_913655
650 _aMuscles
_913656
650 _aMusculo skeletal system
_913657
710 _aEditors of Time
_913658
942 _cBK
999 _c8103
_d8103